Bangiya sabdakosh : (Record no. 6618)
[ view plain ]
| 000 -LEADER | |
|---|---|
| fixed length control field | 00530cam a2200193ua 4500 |
| 008 - FIXED-LENGTH DATA ELEMENTS--GENERAL INFORMATION | |
| fixed length control field | 141211n ii |||gr||||Z||||||ben |
| 040 ## - CATALOGING SOURCE | |
| Transcribing agency | MAIN |
| 041 ## - LANGUAGE CODE | |
| -- | ben |
| 082 ## - DEWEY DECIMAL CLASSIFICATION NUMBER | |
| Classification number | 891.4403 |
| 100 ## - MAIN ENTRY--PERSONAL NAME | |
| Personal name | Bandyopadhyay, H., |
| Relator term | |
| 245 1# - TITLE STATEMENT | |
| Title | Bangiya sabdakosh : |
| Remainder of title | 1st vol. / |
| Statement of responsibility, etc. | Compiled by Haricharan Bandyopadhyay . |
| 250 ## - EDITION STATEMENT | |
| Edition statement | 1st. |
| 260 ## - PUBLICATION, DISTRIBUTION, ETC. | |
| Place of publication, distribution, etc. | New Delhi: |
| Name of publisher, distributor, etc. | Sahitya akademi, |
| Date of publication, distribution, etc. | 1966. |
| 300 ## - PHYSICAL DESCRIPTION | |
| Extent | 1244p. |
| 942 ## - ADDED ENTRY ELEMENTS (KOHA) | |
| Koha item type | Books |
| 653 ## - INDEX TERM--UNCONTROLLED | |
| Uncontrolled term | East Indo-European & Celtic literatures |
| 653 ## - INDEX TERM--UNCONTROLLED | |
| Uncontrolled term | Bengali dictionary |
| Withdrawn status | Lost status | Damaged status | Not for loan | Home library | Current library | Shelving location | Date acquired | Total Checkouts | Full call number | Barcode | Date last seen | Copy number | Price effective from | Koha item type |
|---|---|---|---|---|---|---|---|---|---|---|---|---|---|---|
| Central Library, Naharkatiya College | Central Library, Naharkatiya College | General Stacks | 19/09/2020 | 891.4403 | BAN | 12317 | 19/09/2020 | 1 | 19/09/2020 | Books |
